Handbook of social justice in the global south /

"This timely Handbook explores social justice in the Global South in an era of planetary crisis and shifting global dynamics. Presenting the Global South as a space of belonging and resistance to the hegemony of global capitalism, it identifies how to reimagine transformative futures for a just...

Ausführliche Beschreibung

Bibliographische Detailangaben
Weitere Verfasser: Deb, Nikhil (HerausgeberIn), Nair, Manjusha, Muschert, Glenn W.
Format: Buch
Sprache:English
Veröffentlicht: Cheltenham, UK ; Northampton, MA : Edward Elgar, 2025.
Schlagworte:
Classic Catalogue: View this record in Classic Catalogue
LEADER 03749nam a2200409 i 4500
001 44542
003 BD-DhAAL
005 20251016140843.0
008 250730t2025 enka b 001 0 eng
010 |a  2024952761 
020 |a 9781803921143 
020 |a 9781803921150 
035 |a 23961221 
040 |a DLC  |b eng  |e rda  |c DLC  |d BD-DhAAL 
042 |a pcc 
043 |a d------ 
050 0 0 |a HM671  |b .H364 2025 
082 |a 303.372091724  |2 23 
245 0 0 |a Handbook of social justice in the global south /  |c edited by Nikhil Deb, Manjusha Nair, Glenn W. Muschert. 
260 |a Cheltenham, UK ;  |a Northampton, MA :  |b Edward Elgar,  |c 2025. 
300 |a xxxii, 544 pages ;  |c 26 cm 
504 |a Includes bibliographical references and index. 
520 |a "This timely Handbook explores social justice in the Global South in an era of planetary crisis and shifting global dynamics. Presenting the Global South as a space of belonging and resistance to the hegemony of global capitalism, it identifies how to reimagine transformative futures for a just world. Adopting an interdisciplinary perspective, expert contributors examine the many dimensions of justice. They investigate the disparate impacts of injustices on marginalized groups across the Global South, highlighting the major shortcomings of conventional development models based around global mass consumption. The Handbook also covers the role of ecological considerations, localized struggles, resistance movements and the broader geopolitical landscape in shaping narratives of social justice. Drawing on inclusionary practices to create a balanced relationship in global knowledge production, it gives voice to scholars based in the Global South as well as those who have created a third space in the Global North. The Handbook of Social Justice in the Global South is an essential resource for students and scholars of development studies, social justice, and inequality. Policymakers will also find it invaluable for enhancing their understanding of the conditions needed for global justice"-- 
526 |x Shahidur Rahman, PhD Professor Department of Economics and Social Sciences BRAC University Crouse name and No.: Law, Human Rights and Justice: Anthropological Perspectives (ANT 355)  
541 |a Hye Trade International  |e 44542, 44543, 44544 
650 0 |a Social justice  |z Developing countries. 
650 0 |a Equality  |z Developing countries.  |9 13308 
650 0 |a Income distribution  |z Developing countries. 
650 0 |a Economic development  |z Developing countries. 
700 1 |a Deb, Nikhil,  |e editor.  |9 58897 
700 1 |a Nair, Manjusha.  |9 58898 
700 1 |a Muschert, Glenn W.  |9 58899 
942 |2 ddc  |c BK 
999 |c 47359  |d 47359 
952 |0 0  |1 0  |2 ddc  |4 0  |6 303_372091724000000_HAN  |7 0  |9 77931  |a BRACUL  |b BRACUL  |c GEN  |d 2025-07-28  |e Hye Trade International  |g 29399.00  |l 0  |o 303.372091724 HAN  |p 3010044544  |r 2025-07-28  |t 3  |v 58798.00  |w 2025-07-28  |y BK  |x Requisitioned by Dr. Shahidur Rahman Professor, for the course named Law, Human Rights and Justice: Anthropological Perspectives (ANT 355) 
952 |0 0  |1 0  |2 ddc  |4 0  |6 303_372091724000000_HAN  |7 0  |9 77932  |a BRACUL  |b BRACUL  |c GEN  |d 2025-07-28  |e Hye Trade International  |g 29399.00  |l 0  |o 303.372091724 HAN  |p 3010044542  |r 2025-07-28  |t 1  |v 58798.00  |w 2025-07-28  |y BK  |x Requisitioned by Dr. Shahidur Rahman Professor, for the course named Law, Human Rights and Justice: Anthropological Perspectives (ANT 355) 
952 |0 0  |1 0  |2 ddc  |4 0  |6 303_372091724000000_HAN  |7 0  |9 77933  |a BRACUL  |b BRACUL  |c GEN  |d 2025-07-28  |e Hye Trade International  |g 29399.00  |l 0  |o 303.372091724 HAN  |p 3010044543  |r 2025-07-28  |t 2  |v 58798.00  |w 2025-07-28  |y BK  |x Requisitioned by Dr. Shahidur Rahman Professor, for the course named Law, Human Rights and Justice: Anthropological Perspectives (ANT 355)